LEADER 01266nam a2200217 i 4500 001 000000033838 003 CaOOAMICUS 005 20231207145758.0 008 180830s17521756it u000 u ita u 040 $aSeMil$bita 100 1 $aGranata, Francesco.$0(OLS)http://semarc/name/90310 245 10$aStoria civile della fedelissima città di Capua, partita in tre libri: ne' quali si fa memoria de' suoi principi, e de' suoi fasti dalla prima antichissima sua fondazione sino all'anno 1750 ... Opera dell' ... Francesco Granata libro 1. e 2. [-3]. 260 $aIn Napoli :$bNella Stamperia Muziana,$c1752-1756. 300 $a2 v. ;$c4°. 500 $aNon posseduto il vol. 1. 650 4$aCapua - Storia.$0(OLS)http://semarc/subject/44912 700 1 $aMuzio,$c.$0(OLS)http://semarc/name/82619 774 0 $aGranata, Francesco$tLibro 3.$g2$w()258080 996 $6245$aStoria civile della fedelissima città di Capua, partita in tre libri: ne' quali si fa memoria de' suoi principi, e de' suoi fasti dalla prima antichissima sua fondazione sino all'anno 1750 ... Opera dell' ... Francesco Granata libro 1. e 2. [-3]$9(OLS)http://semarc/title/402325 996 $6260$aIn Napoli :$bNella Stamperia Muziana$9(OLS)http://semarc/publisher/54990 LEADER 01374nam a2200289 i 4500 001 000000190034 003 CaOOAMICUS 005 20100526000000.0 008 100526s2010 it u000 u ita u 013 $a168387 020 $a978-88-8025-754-7 040 $aSeMil$bita 245 10$aStoria religiosa dell'Armenia :$buna cristianità di frontiera tra fedeltà al passato e sfide del presente /$ca cura di Luciano Vaccaro e Boghos Levon Zekiyan. 260 $aMilano :$bCentro Ambrosiano,$c2010. 300 $a476 p. ;$c18 cm. 490 0 $aEuropa ricerche ;$v15 500 $aContiene : Bibliografia generale. 650 4$aArmenia - Storia religiosa.$0(OLS)http://semarc/subject/4933 700 1 $aVaccaro, Luciano.$0(OLS)http://semarc/name/205 700 1 $aZekiyan, Boghos Levon,$c.$0(OLS)http://semarc/name/4679 830 0$aEuropa ricerche ;$v15.$0(OLS)http://semarc/title/384 850 $aSeMil 852 $aSeMil$W1$xVenegono$y1$m3C I 178$j140665$B140665$CSeMilBibl$Z2$F152256 $81 961 $aOmaggio: Bressan don Luca 996 $6020$a978-88-8025-754-7$9(OLS)http://semarc/number/180863 996 $6245$aStoria religiosa dell'Armenia :$buna cristianità di frontiera tra fedeltà al passato e sfide del presente$9(OLS)http://semarc/title/273720 996 $6260$aMilano :$bCentro Ambrosiano$9(OLS)http://semarc/publisher/29766